| 000 | 00830nam a22002057a 4500 | ||
|---|---|---|---|
| 999 |
_c12687 _d12687 |
||
| 003 | AR-CdUCM | ||
| 008 | 190409b ||||| |||| 00| 0 spa d | ||
| 040 |
_aMUNICIPALIDAD PROVINCIAL DEL CUSCO _cBIBLIOTECA MUNICIPAL DEL CUSCO |
||
| 082 |
_a348.41 / _bP19 |
||
| 100 |
_aPalacio Pimentel, Gustavo H. _930677 |
||
| 245 |
_aEl Código civil y la reforma agraria : _b(concordancias) / |
||
| 260 |
_aLima : _bArica, _c1970. |
||
| 300 |
_a402 páginas ; _c21.5 cm. |
||
| 505 | _aContenido: Derecho agrario, decreto ley N° 17716 sobre reforma agraria -- Concordancia con el código civil con el D.L. 17716 sobre reforma agraria -- De los actos jurídicos -- De los derechos reales ... | ||
| 650 |
_aReforma agraria _91861 |
||
| 650 |
_aLegislación _92962 |
||
| 650 |
_aPerú _935 |
||
| 942 |
_2ddc _cLIBROS |
||
| 945 |
_aacv _d2019-04-09 |
||